00832nam a2200229 a 4500001001100000005001700011008003900028020002200067035001600089040000800105100002300113245009400136260004400230300002900274500002000303630004800323730005700371908001100428050002200439999001500461952012600476000000166520140825163952.0850829s1984 tnua 00110 eng a0835804852 (pbk.) a 84050842 aPUL10aChamberlain, Gary.14aThe Psalms :ba new translation for prayer and worship /ctranslated by Gary Chamberlain.0 aNashville, Tenn. :bUpper Room,cc1984. a187 p. :bill. ;c22 cm. aIncludes index.00aBible.pO.T.pPsalmsxParaphrases, English.42aBible.pO.T.pPsalms.lEnglish.sChamberlain.f1984. a050124 aBS1440b.C37 1984 c1613d1613 00102lcc4070aPUEAbPUEAd2012-12-26eDonationl0oBS1440 .C37 1984p020010001811r2012-12-26 00:00:00w2012-12-26yBK